<?xml version="1.0" encoding="UTF-8"?>
<collection xmlns="http://www.loc.gov/MARC21/slim">
  <record>
    <leader>00000nam  2200000   4500</leader>
    <controlfield tag="001">INLIS000000000020464</controlfield>
    <controlfield tag="005">20250630115839</controlfield>
    <datafield tag="035" ind1="#" ind2="#">
      <subfield code="a">0010-0625000206</subfield>
    </datafield>
    <controlfield tag="007">ta</controlfield>
    <controlfield tag="008">250630################g##########0#ind##</controlfield>
    <datafield tag="020" ind1="#" ind2="#">
      <subfield code="a">979 96403 0 X</subfield>
    </datafield>
    <datafield tag="082" ind1="#" ind2="#">
      <subfield code="a">370.113</subfield>
    </datafield>
    <datafield tag="084" ind1="#" ind2="#">
      <subfield code="a">370.113 DAU m</subfield>
    </datafield>
    <datafield tag="100" ind1=" " ind2="#">
      <subfield code="a">Daulay, Hotmatua</subfield>
    </datafield>
    <datafield tag="245" ind1="1" ind2="#">
      <subfield code="a">Membangun SDM dan Kapabilitas Teknologi Umat :</subfield>
      <subfield code="b">Solusi untuk Bangkit dari Krisis dan Memasuki Dinamika Milenium Ketiga /</subfield>
      <subfield code="c">Hotmatua Daulay, Mulyanto</subfield>
    </datafield>
    <datafield tag="250" ind1="#" ind2="#">
      <subfield code="a">Cetakan ke 1</subfield>
    </datafield>
    <datafield tag="260" ind1="#" ind2="#">
      <subfield code="a">Jakarta :</subfield>
      <subfield code="b">ISTECS,</subfield>
      <subfield code="c">2001</subfield>
    </datafield>
    <datafield tag="300" ind1="#" ind2="#">
      <subfield code="a">xiii, 273 halaman :</subfield>
      <subfield code="b">ilus ;</subfield>
      <subfield code="c">21 cm</subfield>
    </datafield>
    <datafield tag="700" ind1=" " ind2="#">
      <subfield code="a">Mulyanto</subfield>
    </datafield>
    <datafield tag="520" ind1="#" ind2="#">
      <subfield code="a">Pembangunan adalah proses yang mentransformasi manusia, budaya dan lingkungannya ke suatu arah yang terkendali. Karenanya dalam konteks umat, upaya keluar dari krisis untuk kemudian masuk ke dalam gegap-gempita milenium ketiga melalui pembangunan SDM dan teknologi adalah hal penting sebagai ikhtiar kolektif bangsa. Dengan mengkaji usulan berbagai strategi pembangunan yang dikembangkan, maka buku ini diharapkan dapat menjadi bacaan bermanfaat dalam memunculkan ide-ide segar perumusan langkah-langkah kongkret solusi kondisi kontemporer kita maupun menjadi pegangan dalam merumuskan grand strategy baru yang lebih mantab. Selain itu inisiatif penulisan buku ini dapat diibaratkan sebagai upaya dalam membangun strategic visioning.</subfield>
    </datafield>
    <datafield tag="990" ind1="#" ind2="#">
      <subfield code="a">03027425</subfield>
    </datafield>
  </record>
</collection>
